Asamiya (Record no. 4865)

MARC details
000 -LEADER
fixed length control field 00439cam a2200193ua 4500
001 - CONTROL NUMBER
control field 5710
005 - DATE AND TIME OF LATEST TRANSACTION
control field 20260515113927.0
008 - FIXED-LENGTH DATA ELEMENTS--GENERAL INFORMATION
fixed length control field 131008n ii |||gr||||Z||||||asm
040 ## - CATALOGING SOURCE
Transcribing agency MAIN
082 ## - DEWEY DECIMAL CLASSIFICATION NUMBER
Classification number 954.162
100 1# - MAIN ENTRY--PERSONAL NAME
Personal name Sarma,Sushil,
Relator term Author.
245 ## - TITLE STATEMENT
Title Asamiya
Statement of responsibility, etc. by Sushil Sarma
250 ## - EDITION STATEMENT
Edition statement 2nd ed.
260 ## - PUBLICATION, DISTRIBUTION, ETC.
Place of publication, distribution, etc. Guwahati:
Name of publisher, distributor, etc. Manisha Prakash,
Date of publication, distribution, etc. 1994.
300 ## - PHYSICAL DESCRIPTION
Extent 191p.
653 ## - INDEX TERM--UNCONTROLLED
Uncontrolled term History
653 ## - INDEX TERM--UNCONTROLLED
Uncontrolled term Asamiya
942 ## - ADDED ENTRY ELEMENTS (KOHA)
Koha item type Books
Holdings
Withdrawn status Lost status Damaged status Not for loan Home library Current library Shelving location Date acquired Total checkouts Full call number Barcode Date last seen Copy number Price effective from Koha item type
        Naharkatiya College Library Naharkatiya College Library General stacks 09/19/2020   954.162 | SAR 10216 09/19/2020 1 09/19/2020 Books